| 000 | 00511nam a2200205Ia 4500 | ||
|---|---|---|---|
| 005 | 20260429112203.0 | ||
| 008 | 260429s9999||||xx |||||||||||||| ||und|| | ||
| 020 | _a9781119930273 | ||
| 041 | _aEnglish | ||
| 082 |
_a307.76 _bKAP |
||
| 100 | _aKaplan, David H. | ||
| 245 | 0 |
_aUrban geography / _cDavid H. Kaplan |
|
| 250 | _a4th ed. | ||
| 260 |
_aNew Jersey : _bWiley, _c2024. |
||
| 300 | _axiv, 509 p.; pbk | ||
| 650 | _a Urban | ||
| 650 | _aGeography | ||
| 700 | _a Holloway, Steven R. | ||
| 942 | _cTB | ||
| 999 |
_c52791 _d52791 |
||